Statistics for Famous prisons

Click here to take the quiz!

General Stats

  • This quiz has been taken 52 times
  • The average score is 5 of 14

Answer Stats

HintAnswer% Correct
San Francisco prison that house Al Capone and was famously escaped in 1962Alcatraz
94%
Fortress used as a state prison for the Kings of FranceBastille
85%
Castle on the Thames river, patrolled by Yeoman Warders and ravensTower of London
64%
Johnny Cash is stuck in this prison, and time keeps draggin' onFolsom Prison
57%
Sirius Black escaped from this prison on an island in the North SeaAzkaban
47%
Three of the former inmates of this island have gone on to become President of South AfricaRobben Island
45%
Andy Dufresne was wrongfully sent to this prison in MaineShawshank
45%
New York's main jail complex, thought to be the largest in the worldRikers Island
38%
Johnny Cash also happens to hate every inch of this prisonSan Quentin
19%
Abyss where Kronos and other Titans were banishedTartarus
9%
The prison in season one of 'Prison Break'Fox River State Penitentiary
6%
The setting of 'The Prisoner'The Village
6%
Specially built prison to house MagnetoThe Plastic Prison
2%
The prison of Markarth in Skyrim, owned by the Silver-Blood familyCidhna Mine
2%

Score Distribution

Percentile by Number Answered

Percent of People with Each Score

Your Score History

You have not taken this quiz